000 02092nam a2200409 c 4500
999 _c104605
_d104605
003 BLK
005 20181029121415.0
008 180409b bul|||||r ||||||| ||bul||
010 _aKNG00109713000
020 _a954-494-559-8
040 _aBLK
041 _aBUL
_cBUL
080 _aПолитически подсистеми и институции. Социология на политиката
_b316.334.3
_z316.334.3
080 _aМеждународни политически отношения. Световна политика. Международна политика. Дипломация
_b327
_z327
080 _aМеждународни икономически отношения. Външностопанска политика. Световно стопанство
_b339.9
_z339.9
100 1 _aСтиглиц, Джоузеф Е.
_eпърви автор
_9124671
139 _aСтиглиц, Джоузеф Е.
_bС 76
245 1 0 _aГлобализацията и недоволните от нея
_cДжоузеф Е. Стиглиц; прев. Валерия Маринова.
257 _aUSA
260 _bУнив. изд. Стопанство
_c2003
300 _a324 с.
_c25 см
380 _a3
500 _aОриг. загл. Globalization and its Discontents / Joseph E. Stiglitz. - Офс. изд. - Индекс.
650 4 _aГлобализация
_9152211
650 4 _aМеждународна политика
_9254556
650 4 _aСветовно стопанство
_9251664
653 _aглобализация
653 _aмеждународни политически отношения
653 _aмеждународни икономически отношения
653 _aсветовно стопанство
700 1 _aМаринова, Валерия
_eпрев.
_9374237
852 _aЦб 217193
856 4 _qpdf
856 4 _qpdf
942 _cKNG
_n0
944 _aCR
_c16.12.2003
_kЛюдмила_Стоянова
944 _aED
_c19.12.2016
_kВиолета_Тройчева
999 _d104605